| 000 | 02345cam a22005654i 4500 | ||
|---|---|---|---|
| 003 | PE-LiUPU | ||
| 005 | 20250731165450.0 | ||
| 008 | 150623s1996 sp rb 000 0 spa d | ||
| 020 | _a8430112847 | ||
| 035 | _a(Sirsi) i9788430112845 | ||
| 040 |
_aPE-LiUPU _bspa _cPE-LiUPU _erda |
||
| 049 | _aPRUA | ||
| 082 | 0 | 4 |
_a220.77d _bD231 _221 |
| 245 | 0 | 0 |
_aDiccionario exegético del Nuevo Testamento. _n1 / _ceditado por Horst Balz y Gerhard Schneider. |
| 250 | _a3a | ||
| 264 | 1 |
_aSalamanca, España : _bEdiciones Sígueme, _c1996. |
|
| 300 |
_a2454 páginas ; _c25 centímetros. |
||
| 336 |
_atext _2rdacontent |
||
| 337 |
_aunmediated _2rdamedia |
||
| 338 |
_avolume _2rdacarrier |
||
| 490 | 0 |
_aBiblioteca de Estudios Bíblicos ; _v90 |
|
| 504 | _aNotas Bibliograficas. | ||
| 505 | 0 | _aDiccionario exegético (griego) del N.T. | |
| 526 | _aSEG44 | ||
| 526 | _aSEG26 | ||
| 526 | _aP151 | ||
| 526 | _aP150 | ||
| 526 | _aP149 | ||
| 526 | _aP146 | ||
| 526 | _aP145 | ||
| 526 | _aP126 | ||
| 526 | _aP125 | ||
| 526 | _aP92 | ||
| 526 | _aP75 | ||
| 526 | _aP74 | ||
| 526 | _aP27 | ||
| 526 | _aP15 | ||
| 630 |
_aBiblia. _pN.T. _vDiccionarios. |
||
| 700 | 1 |
_aBalz, Horst, _eed. |
|
| 700 | 1 |
_aSchneider, Gerhard, _eed. |
|
| 942 |
_2ddc _cBOOK |
||
| 949 |
_aRC 220.77D D23 1 _wDEWEY _c1 _i59231 _d2016-4-12 _e2016-4-12 _lCCODEBUL1 _mBUL _n1 _q29 _r0 _sY _tBOOK _u2015-6-24 _xTEOLOGIA _PP35 _0COMPRA _o.CIRCNOTE. No olvidar cambiar la fecha de devolución!!!!!!! _o.STAFF. Colección General |
||
| 949 |
_aRC 220.77D D23 1 _wDEWEY _c2 _i43988 _d2015-11-25 _lCCODEBUL1 _mBUL _q7 _r0 _sY _tBOOK _u2015-6-24 _xTEOLOGIA _PP35 _0COMPRA _o.CIRCNOTE. No olvidar cambiar la fecha de devolución!!!!!!! _o.STAFF. Colección General |
||
| 994 |
_aC0 _bPEPRU |
||
| 596 | _a1 | ||
| 999 |
_aRC 220.77D D23 1 _wDEWEY _c20864 _i59231 _d20864 _e2016-4-12 _f2021-11-8 _g6 _lCCODEBUL1 _mBUL _n1 _p20.00 _q56 _r1 _sY _tBOOK _u2015-6-24 _xTEOLOGIA _PP35 _0COMPRA _o.CIRCNOTE. No olvidar cambiar la fecha de devolución!!!!!!! _o.STAFF. Colección Teología |
||
| 999 |
_aRC 220.77D D23 1 _wDEWEY _c2 _i43988 _d2022-6-28 _f2021-11-8 _g6 _lCCODEBUL1 _mBUL _p20.00 _q18 _r1 _sY _tBOOK _u2015-6-24 _xTEOLOGIA _PP35 _0COMPRA _o.CIRCNOTE. No olvidar cambiar la fecha de devolución!!!!!!! _o.STAFF. Colección Teología |
||
| 980 |
_81 _gALBERTO SANCHEZ Responsable de Automatización |
||